| 000 | 00552nam a22001697a 4500 | ||
|---|---|---|---|
| 003 | SGT | ||
| 020 | _a9788121908832 | ||
| 082 | _a363.73,DAR | ||
| 100 | _aDR. DARA S.S. | ||
| 245 | _aA TEXTBOOK OF ENVIRONMENTAL CHEMISTRY AND POLLUTION CONTROL (WITH ENERGY,ECOLOGY,ETHICS AND SOCIETY) | ||
| 250 | _a9TH | ||
| 260 |
_aNEW DELHI _bS.CHAND _c2015 |
||
| 300 | _a522 | ||
| 650 | _aOTHER SOCIAL PROBLEMS AND SERVICES | ||
| 653 | _aENVIRONMENTAL CHEMISTRY, ENVIRONMENTAL POLLUTION, HAZARDOUS WASTES, NATURAL RESOURCES, ECOSYSTEMS | ||
| 942 |
_2ddc _cFPS _04 |
||
| 999 |
_c9380 _d9380 |
||